Największe miasta świata na literę C - Statystyki

Ogólne statystyki
  • Ten quiz został rozwiązany 62 razy
    39 od ostatniego zresetowania
  • Średni wynik to 8 z 20
Statystyki odpowiedzi
Państwo Populacja Miasto % Poprawnych
Wenezuela 3,83 mln Caracas
97%
Maroko 4,78 mln Casablanca
93%
Stany Zjednoczone 9,65 mln Chicago
90%
Ukraina 1,6 mln Charków
83%
Chiny 17,3 mln Chengdu
55%
Kolumbia 2,95 mln Cali
52%
Chiny 10,9 mln Chongqing
52%
Argentyna 1,79 mln Cordoba
41%
Stany Zjednoczone 2,6 mln Charlotte
34%
Stany Zjednoczone 2,8 mln Cincinnati
34%
Chiny 11 mln Changsha
31%
Stany Zjednoczone 3,05 mln Cleveland
31%
Stany Zjednoczone 1,81 mln Columbus
28%
Filipiny 2,75 mln Cebu
21%
Brazylia 3,25 mln Campinas
17%
Indie 3 mln Coimbatore
14%
Chiny 5,05 mln Changchun
7%
Meksyk 1,62 mln Ciudad Juarez
7%
Chiny 1,77 mln Cangnan
0%
Indie 2,68 mln Chandigarh
0%
Nie znaleziono quizów pasujących do podanych kryteriów
Rozkład punktacji
Procent ludzi z każdym wynikiem
Percentyl według liczby udzielonych odpowiedzi
Twoja historia wyników
Nie rozwiązałeś tego quizu od ostatniego zresetowania